CATÁLOGO CIEN AÑOS DE ARTE EN QUERÉTARO (Registro nro. 68721)

Detalles MARC
000 -CABECERA
campo de control de longitud fija 01446nam a22003737a 4500
003 - IDENTIFICADOR DEL NÚMERO DE CONTROL
campo de control BPGM
008 - DATOS DE LONGITUD FIJA--INFORMACIÓN GENERAL
campo de control de longitud fija 260630b mx ||||| |||| 00| 0 spa d
020 ## - NÚMERO INTERNACIONAL ESTÁNDAR DEL LIBRO
Número Internacional Estándar del Libro 978-607-7906-17-9 (OBRA COMPLETA)
020 ## - NÚMERO INTERNACIONAL ESTÁNDAR DEL LIBRO
Número Internacional Estándar del Libro 978-607-7906-17-6 (V.6)
040 ## - FUENTE DE LA CATALOGACIÓN
Lengua de catalogación SPA
041 ## - CÓDIGO DE LENGUA
Código de lengua del texto/banda sonora o título independiente SPA
Código de lengua original SPA
082 04 - NÚMERO DE LA CLASIFICACIÓN DECIMAL DEWEY
Número de clasificación CQ / 709.7245
Número de documento/Ítem C37
100 ## - ENTRADA PRINCIPAL--NOMBRE DE PERSONA
Nombre de persona CRUZ PÉREZ, MIGUEL ANGEL
Término indicativo de función/relación COORDINADOR
110 ## - ENTRADA PRINCIPAL--NOMBRE DE ENTIDAD CORPORATIVA
Nombre de entidad corporativa o nombre de jurisdicción como elemento de entrada GOBIERNO DEL ESTADO DE QUERÉTARO
245 ## - MENCIÓN DE TÍTULO
Título CATÁLOGO CIEN AÑOS DE ARTE EN QUERÉTARO
Resto del título MÚSICA
260 ## - PUBLICACIÓN, DISTRIBUCIÓN, ETC.
Lugar de publicación, distribución, etc. QUERÉTARO
Nombre del editor, distribuidor, etc. INSTITUTO QUERETANO DE LA CULTURA Y LAS ARTES
Fecha de publicación, distribución, etc. 2012
300 ## - DESCRIPCIÓN FÍSICA
Extensión 119 PÁGINAS
Dimensiones 28 CM X 21.5 CM
336 ## - TIPO DE CONTENIDO
Fuente rdacontent
Término de tipo de contenido texto
Código de tipo de contenido txt
337 ## - TIPO DE MEDIO
Fuente rdamedia
Nombre/término del tipo de medio sin mediación
Código del tipo de medio n
338 ## - TIPO DE SOPORTE
Fuente rdacarrier
Nombre/término del tipo de soporte volumen
Código del tipo de soporte nc
490 0# - MENCIÓN DE SERIE
Mención de serie CATÁLOGO
Designación de volumen o secuencia V.6
505 ## - NOTA DE CONTENIDO CON FORMATO
Nota de contenido con formato RECABA LA MEMORIA HISTÓRICA Y LA EVOLUCIÓN MUSICAL DEL ESTADO. LA OBRA DESTACA LOS PRINCIPALES APORTES CULTURALES A TRAVÉS DE LOS SIGLOS.
650 ## - PUNTO DE ACCESO ADICIONAL DE MATERIA--TÉRMINO DE MATERIA
Fuente del encabezamiento o término LAS ARTES BELLAS ARTES Y ARTES DECORATIVAS
650 ## - PUNTO DE ACCESO ADICIONAL DE MATERIA--TÉRMINO DE MATERIA
Fuente del encabezamiento o término TRATAMIENTO HISTÓRICO, GEOGRÁFICO, DE PERSONAS
700 ## - PUNTO DE ACCESO ADICIONAL--NOMBRE DE PERSONA
Nombre de persona VÁZQUEZ VILLARRUEL, MANUEL
Término indicativo de función/relación FOTÓGRAFO
700 ## - PUNTO DE ACCESO ADICIONAL--NOMBRE DE PERSONA
Nombre de persona AGUIRRE, IMELDA
Término indicativo de función/relación FOTÓGRAFA
700 ## - PUNTO DE ACCESO ADICIONAL--NOMBRE DE PERSONA
Nombre de persona VALENCIA, RAMIRO
Término indicativo de función/relación FOTÓGRAFO
700 ## - PUNTO DE ACCESO ADICIONAL--NOMBRE DE PERSONA
Nombre de persona MURILLO, EUNICE
Término indicativo de función/relación FOTÓGRAFA
700 ## - PUNTO DE ACCESO ADICIONAL--NOMBRE DE PERSONA
Nombre de persona MALDONADO LUNA, MARÍA CRISTINA
Término indicativo de función/relación FOTÓGRAFA
700 ## - PUNTO DE ACCESO ADICIONAL--NOMBRE DE PERSONA
Nombre de persona VEGA ADAME, SAMUEL
Término indicativo de función/relación FOTÓGRAFO
700 ## - PUNTO DE ACCESO ADICIONAL--NOMBRE DE PERSONA
Nombre de persona ALCOCER, GONZALO
Término indicativo de función/relación FOTÓGRAFO
700 ## - PUNTO DE ACCESO ADICIONAL--NOMBRE DE PERSONA
Nombre de persona BECA SUQUET, ELENA
Término indicativo de función/relación FOTÓGRAFA
942 ## - ELEMENTOS DE PUNTO DE ACCESO ADICIONAL (KOHA)
Fuente del sistema de clasificación o colocación Dewey Decimal Classification
Tipo de ítem Koha Colección Querétaro
Existencias
Estado de retiro Estado de pérdida Fuente del sistema de clasificación o colocación Estado dañado No para préstamo Código de colección Localización permanente Ubicación/localización actual Ubicación en estantería Fecha de adquisición Fuente de adquisición Total de préstamos Signatura topográfica completa Fecha visto por última vez Número de copia Precio válido a partir de Tipo de ítem Koha
    Dewey Decimal Classification     Colecciones Especiales (Quéretaro, IQM, Idiomas, SEP, Inea.) BIBLIOTECA PÚBLICA CENTRAL ESTATAL “FRANCISCO CERVANTES” BIBLIOTECA PÚBLICA CENTRAL ESTATAL “FRANCISCO CERVANTES” ACCESO "B" PLANTA ALTA SALA QUERÉTARO 06/30/2026 DGB   CQ / 709.7245 / C37 06/30/2026 EJ. 1 06/30/2026 Colección Querétaro
    Dewey Decimal Classification     Colecciones Especiales (Quéretaro, IQM, Idiomas, SEP, Inea.) BIBLIOTECA PÚBLICA CENTRAL ESTATAL “FRANCISCO CERVANTES” BIBLIOTECA PÚBLICA CENTRAL ESTATAL “FRANCISCO CERVANTES” ACCESO "B" PLANTA B PLANTA ALTA SALA QUERÉTARO 06/30/2026 DGB   CQ / 709.7245 / C37 06/30/2026 EJ .1 06/30/2026 Colección Querétaro